La República de El Salvador (Registro nro. 4138)

Detalles MARC
000 -CABECERA
Longitud fija campo de control 00676nam a22002177a 4500
003 - IDENTIFICADOR DELl NÚMERO DE CONTROL
Identificador del número de control OSt
005 - FECHA Y HORA DE LA ÚLTIMA TRANSACCIÓN
Fecha y hora de la última transacción 20140821213006.0
008 - CÓDIGOS DE INFORMACIÓN DE LONGITUD FIJA
Códigos de información de longitud fija 131114b199? slv spa
040 ## - FUENTE DE LA CATALOGACIÓN
Centro transcriptor BMC
082 ## - NÚMERO DE LA CLASIFICACIÓN DECIMAL DEWEY
Númeroo de clasificación 972.8423
082 ## - NÚMERO DE LA CLASIFICACIÓN DECIMAL DEWEY
Númeroo de clasificación 972.84
100 1# - PUNTO DE ACCESO PRINCIPAL-NOMBRE DE PERSONA
9 (RLIN) 3669
Nombre de persona Arocha, Antonio R.
245 13 - MENCIÓN DE TÍTULO
Título La República de El Salvador
Resto del título : Departamento de San Salvador
Mención de responsabilidad, etc. [obra inédita del Dr. Antonio R. Arocha]
260 ## - PUBLICACIÓN, DISTRIBUCIÓN, ETC. (PIE DE IMPRENTA)
Lugar de publicación, distribución, etc. San Salvador
Nombre del editor, distribuidor, etc. Codice
Fecha de publicación, distribución, etc. [s.a.]
300 ## - DESCRIPCIÓN FÍSICA
Extensión 83, [2] p.
Otras características físicas il. col. y n., mapas
Dimensiones 24 cm
490 ## - MENCIÓN DE SERIE
Mención de serie Antropología
Designación de volumen o secuencia 1
500 ## - NOTA GENERAL
Nota general Datos tomados de la cub.
651 #4 - PUNTO DE ACCESO ADICIONAL DE MATERIA - NOMBRE GEOGRÁFICO
9 (RLIN) 9298
Nombre geográfico El Salvador
Subdivisión de materia general Descripción
651 #4 - PUNTO DE ACCESO ADICIONAL DE MATERIA - NOMBRE GEOGRÁFICO
9 (RLIN) 9305
Nombre geográfico San Salvador
Subdivisión de materia general Descripción
942 ## - ENTRADA DE ELEMENTOS AGREGADOS (KOHA)
Fuente de clasificaión o esquema Dewey Decimal Classification
Koha [por defecto] tipo de item 1- Monografias
Existencias
Suprimido Perdido Fuente de clasificación o esquema Estropeado Restricciones de uso No para préstamo Código de colección Localización permanente Localización actual Localización en estanter&íacute;as Fecha adquisición Fuente de adquisición Número de inventario Préstamos totales Signatura completa Código de barras Fecha última consulta Fecha del precio de reemplazo Tipo de item de Koha
NULL NULL Dewey Decimal Classification NULL Prestable NULL NULL Biblioteca Miguel de Cervantes - UNICAES Biblioteca Miguel de Cervantes - UNICAES Sala Principal 15/11/2013 Donación - Mauricio Menéndez 007200   972.8423 ARO rep 1007200 15/11/2013 15/11/2013 1- Monografias